Prostředky pro zálohování dat.

Cena informácií sa stále zvyšuje. Pri produktívnom využívaní počítača začína vytváranie záložných kópií všetkých informácií. Návrh zálohovacieho systému. Typickým rysom všetkých zariadení, určených pre zálohovanie dát, je oddelenie média (nosiča informácie) od počítača. To umožňuje prenášanie inform...

Descrizione completa

Salvato in:
Dettagli Bibliografici
Autore principale: Šott, J.
Natura: Capitolo di libro
Lingua:ceco
Soggetti:
Tags: Aggiungi Tag
Nessun Tag, puoi essere il primo ad aggiungerne!!

MARC

LEADER 00000naa a2200000 4500
001 r013814
005 20221213083154.2
041 0 |a cze 
044 |a CZ 
245 1 0 |a Prostředky pro zálohování dat.  |c J. Šott 
520 |a Cena informácií sa stále zvyšuje. Pri produktívnom využívaní počítača začína vytváranie záložných kópií všetkých informácií. Návrh zálohovacieho systému. Typickým rysom všetkých zariadení, určených pre zálohovanie dát, je oddelenie média (nosiča informácie) od počítača. To umožňuje prenášanie informácií medzi počítačmi. Možnosť nahrané informácie uložiť oddelene od počítača. Zariadenia s náhodným prístupom. 
610 2 0 |a využitie počítačov 
610 2 0 |a zber dát 
610 2 0 |a spracovanie dát 
610 2 0 |a ceny 
610 2 0 |a ochrana dát 
610 2 0 |a pamäť počítača 
610 2 0 |a disky optické 
610 2 0 |a hardvér 
610 2 0 |a softvér 
100 1 |a Šott, J.